[Event "Norway Chess 2024"]
[Site "Stavanger, Norway"]
[Date "2024.06.02"]
[Round "12.2"]
[White "Firouzja, Alireza"]
[Black "Praggnanandhaa R"]
[Result "1-0"]
[WhiteElo "2737"]
[BlackElo "2747"]
[Annotator "Stockfish 16.1 - Chessbase"]
[PlyCount "119"]
[GameId "2053142232226016"]
[EventDate "2024.??.??"]

1. d4 {[%eval 14,0]} Nf6 {[%eval 17,0]} 2. c4 {[%eval 21,0]} e6 {[%eval 21,0]} 3. Nf3 {[%eval 12,0]} Bb4+ {[%eval 32,0]} 4. Nbd2 {[%eval 32,0]} O-O {[%eval 45,0]} 5. a3 {[%eval 37,0]} Bxd2+ {[%eval 38,0]} 6. Qxd2 {[%eval 37,0]} d5 {[%eval 28,0]} 7. e3 {[%eval 25,0]} b6 {[%eval 36,0]} 8. b3 {[%eval 34,0]} Bb7 {[%eval 35,0]} 9. Bb2 {[%eval 26,0]} ({RR} 9. Be2 Nbd7 10. O-O c5 ({RR} 10... a5 11. a4 Ne4 12. Qc2 f5 13. cxd5 Bxd5 14. Ne5 Nxe5 15. dxe5 c5 16. f3 Ng5 17. Bb2 Qe7 18. Rad1 Rfd8 19. Rd2 Bc6 20. Rfd1 Rxd2 21. Qxd2 Bd5 22. Qc3 Rd8 23. Kf2 Nf7) ({RR} 10... a5 11. a4 Ne4 12. Qc2 f5 13. cxd5 Bxd5 14. Ne5 Nxe5 15. dxe5 c5 16. f3 Ng5 17. Bb2 Qe7 18. Rad1 Rfd8 19. Rd2 Bc6 20. Rfd1 Rxd2 21. Qxd2 Bd5 22. Qc3 Rd8 23. Kf2 Nf7) 11. a4 dxc4 12. bxc4 Rc8 13. Ba3 Qc7 14. Rfc1 Ng4 15. h3 Bxf3 16. Bxf3 Qh2+ 17. Kf1 Ngf6 18. Bb2 Rfd8 19. d5 exd5 20. Bxd5 Ne5 21. Qc3 Nxd5 22. cxd5 f6 23. f4 c4) ({RR} 9. Be2 Nbd7 10. O-O c5 11. a4 dxc4 12. bxc4 Rc8 13. Ba3 Qc7 14. Rfc1 Ng4 15. h3 Bxf3 16. Bxf3 Qh2+ 17. Kf1 Ngf6 18. Bb2 Rfd8 19. d5 exd5 20. Bxd5 Ne5 21. Qc3 Nxd5 22. cxd5 f6 23. f4 c4) 9... Nbd7 {[%eval 28,0]} 10. Be2 {[%eval 3,0]} dxc4 {[%eval 31,0]} 11. bxc4 $146 {[%eval 28,0]} ({RR} 11. Bxc4 c5 12. Qe2 cxd4 13. Bxd4 a6 14. Qb2 Bxf3 15. gxf3 Qe7 16. O-O b5 17. Be2 e5 18. Bc3 Nd5 19. Ba5 Qe6 20. Rac1 Rac8 21. Rxc8 Rxc8 22. Rc1 Rxc1+ 23. Qxc1 Ne7 24. Qc7 g6 25. a4 bxa4 {1-0 Carlsen,M (2828)-Praggnanandhaa R (2704) GCT Warsaw 2024 Warsaw, Poland (20.3)}) ({RR} 11. Bxc4 c5 12. Qe2 cxd4 13. Bxd4 a6 14. Qb2 Bxf3 15. gxf3 Qe7 16. O-O b5 17. Be2 e5 18. Bc3 Nd5 19. Ba5 Qe6 20. Rac1 Rac8 21. Rxc8 Rxc8 22. Rc1 Rxc1+ 23. Qxc1 Ne7 24. Qc7 g6 25. a4 bxa4 {1-0 Carlsen,M (2830)-Praggnanandhaa,R (2747) Superbet POL Blitz 2024 Warsaw POL (11.3)}) ({RR} 11. Bxc4 c5 12. Qe2 cxd4 13. Bxd4 a6 14. Qb2 Bxf3 15. gxf3 Qe7 16. O-O b5 17. Be2 e5 18. Bc3 Nd5 19. Ba5 Qe6 20. Rac1 Rac8 21. Rxc8 Rxc8 22. Rc1 Rxc1+ 23. Qxc1 Ne7 24. Qc7 g6 25. a4 bxa4 {1-0 Carlsen,M (2828)-Praggnanandhaa R (2704) GCT Warsaw 2024 Warsaw, Poland (20.3)}) 11... c5 {[%eval 33,0]} 12. O-O {[%eval 34,0]} Rc8 {[%eval 4,0]} ({RR} 12... Qe7 13. a4 Rfd8 14. a5 e5 15. d5 Ne4 16. Qc2 Nd6 17. e4 f6 18. Nd2 Kh8 19. g3 g5 20. Bg4 Nf8 21. Bh5 Bc8 22. f4 Bh3 23. fxe5 fxe5 24. Rxf8+ Rxf8 25. Qc3 Qf6) ({RR} 12... Qe7 13. a4 Rfd8 14. a5 e5 15. d5 Ne4 16. Qc2 Nd6 17. e4 f6 18. Nd2 Kh8 19. g3 g5 20. Bg4 Nf8 21. Bh5 Bc8 22. f4 Bh3 23. fxe5 fxe5 24. Rxf8+ Rxf8 25. Qc3 Qf6) 13. Rac1 {[%eval 34,0]} Qc7 {[%eval 38,0]} 14. h3 {[%eval 38,0]} Rfd8 {[%eval 31,0]} 15. Rfd1 {[%eval 34,0]} Nf8 {[%eval 33,0]} 16. Ne5 {[%eval 18,0]} Ng6 {[%eval 18,0]} 17. Nxg6 {[%eval 14,0]} hxg6 {[%eval 18,0]} 18. Qe1 {[%eval 5,0]} cxd4 {[%eval 16,0]} 19. exd4 {[%eval 12,0]} Qf4 {[%eval 14,0]} 20. Bf1 {[%eval 15,0]} Rd7 {[%eval 32,0]} 21. a4 {[%eval 2,0]} Ne4 {[%eval 41,0]} 22. Rd3 {[%eval 12,0]} Nd6 $6 {[%eval 71,0] Inaccuracy. Qg5 was best.} (22... Qg5 23. a5 Qxa5 24. Qxa5 bxa5 25. Ra3 Nd2 26. Be2 Rdc7 27. c5 Bd5 28. Bc3) 23. Rg3 $6 {[%eval 0,0] Inaccuracy. c5 was best.} (23. c5 Nf5) 23... Nf5 $6 {[%eval 67,0] Inaccuracy. Qf6 was best.} (23... Qf6 24. Rg4 Nf5 25. Qd2 Qd8 26. Qf4 Qc7 27. Qg5 Qd8 28. Qf4) 24. Rg4 {[%eval 58,0]} Qd6 {[%eval 59,0]} 25. a5 {[%eval 11,0]} Rdc7 $4 {[%eval 182,0] Blunder. Nh6 was best.} (25... Nh6 26. Rg3 Nf5 27. Rd3 Rcd8 28. axb6 axb6 29. Rcd1 Ba6 30. Rb3 Bb7 31. Bc3) 26. d5 {[%eval 107,0]} Re7 {[%eval 176,0]} 27. Qc3 {[%eval 166,0]} Ree8 {[%eval 178,0]} 28. Bd3 {[%eval 167,0]} e5 {[%eval 171,0]} 29. axb6 $6 {[%eval 96,0] Inaccuracy. Qb3 was best.} (29. Qb3 Rb8 30. Re1 b5 31. Ba3 Qd7 32. Qxb5 Qxb5 33. cxb5 Bxd5 34. Rb4 Rbc8) 29... axb6 {[%eval 101,0]} 30. Qa3 $6 {[%eval 45,0] Inaccuracy. Qb3 was best.} (30. Qb3 Rb8) 30... Ra8 {[%eval 88,0]} 31. Qxd6 $6 {[%eval 25,0] Inaccuracy. Qb3 was best.} (31. Qb3 Bc8) 31... Nxd6 {[%eval 34,0]} 32. Rg5 {[%eval 4,0]} e4 {[%eval 2,0]} 33. Bf1 {[%eval 1,0]} Rec8 {[%eval 51,0]} 34. Be5 {[%eval 1,0]} Nf5 {[%eval 9,0]} 35. Bf4 {[%eval 1,0]} Ra4 {[%eval 32,0]} 36. Rd1 {[%eval 7,0]} Ba6 {[%eval 22,0]} 37. d6 {[%eval 13,0]} Bxc4 {[%eval 23,0]} 38. d7 {[%eval 16,0]} Rd8 {[%eval 13,0]} 39. Bc7 {[%eval 14,0]} Rxd7 {[%eval 15,0]} 40. Rxd7 {[%eval 17,0]} Ra1 {[%eval 14,0]} 41. Bxb6 {[%eval 15,0]} Rxf1+ {[%eval 1,0]} 42. Kh2 {[%eval 18,0]} Rb1 {[%eval 55,0]} 43. Bc5 {[%eval 1,0]} Be6 {[%eval 51,0]} 44. Rd8+ {[%eval 55,0]} Kh7 {[%eval 59,0]} 45. Rg4 {[%eval 57,0]} Rc1 $2 {[%eval 108,0] Mistake. Rb5 was best.} (45... Rb5 46. Be3 Re5 47. Bd4 Rd5 48. Rxd5 Bxd5 49. Be3 Bc6 50. h4 Bd5 51. Kg1) 46. Be3 $2 {[%eval 24,0] Mistake. Bd4 was best.} (46. Bd4) 46... Rc4 {[%eval 37,0]} 47. Re8 {[%eval 4,0]} Bd7 $4 {[%eval 256,0] Blunder. Rb4 was best.} (47... Rb4 48. Rd8 Rc4 49. Ra8 Rb4 50. Ra6 Rc4 51. Kg1 Kg8 52. Ra8+ Kh7 53. Rb8) 48. Rexe4 {[%eval 196,0]} Rc2 {[%eval 204,0]} 49. Bb6 {[%eval 189,0]} f6 {[%eval 185,0]} 50. Rc4 {[%eval 192,0]} Ra2 $6 {[%eval 277,0] Inaccuracy. Rb2 was best.} (50... Rb2 51. Rb4 Rxb4 52. Rxb4 g5 53. Ba5 Be6 54. Rb6 Bg8 55. Rb5 Be6 56. Bc3) 51. Rc7 {[%eval 278,0]} Be6 {[%eval 273,0]} 52. Re4 {[%eval 273,0]} Bd5 {[%eval 266,0]} 53. Rf4 {[%eval 277,0]} Rb2 {[%eval 279,0]} 54. Bc5 {[%eval 278,0]} Rc2 {[%eval 207,0]} 55. Bb6 {[%eval 206,0]} Rb2 {[%eval 244,0]} 56. Bd4 {[%eval 185,0]} Rb4 {[%eval 185,0]} 57. Be5 {[%eval 187,0]} Rb5 $4 {[%eval 423,0] Blunder. Rxf4 was best.} (57... Rxf4 58. Bxf4 g5 59. Rc5 Be6 60. Bd2 Nh6 61. Ra5 Kg6 62. Bb4 Kf7 63. Rc5) 58. Bxf6 {[%eval 416,0]} Rb6 {[%eval 433,0]} 59. Bd4 {[%eval 405,0]} Re6 {[%eval 473,0]} 60. Bxg7 {[%eval 464,0]} 1-0

[Event "Norway Chess 2024"]
[Site "Stavanger, Norway"]
[Date "2024.06.02"]
[Round "12.3"]
[White "Nakamura, Hikaru"]
[Black "Caruana, Fabiano"]
[Result "0-1"]
[WhiteElo "2794"]
[BlackElo "2805"]
[Annotator "Stockfish 16.1 - Chessbase"]
[PlyCount "92"]
[GameId "2053142232238308"]
[EventDate "2024.??.??"]

1. d4 {[%eval 14,0]} Nf6 {[%eval 17,0]} 2. c4 {[%eval 21,0]} e6 {[%eval 21,0]} 3. Nc3 {[%eval 18,0]} Bb4 {[%eval 17,0]} 4. e3 {[%eval 6,0]} b6 {[%eval 37,0]} 5. Nge2 {[%eval 24,0]} Ba6 {[%eval 34,0]} 6. Ng3 {[%eval 19,0]} Bxc3+ {[%eval 28,0]} 7. bxc3 {[%eval 18,0]} d5 {[%eval 25,0]} 8. cxd5 {[%eval 17,0]} Bxf1 {[%eval 19,0]} 9. Rxf1 {[%eval 22,0]} Qxd5 {[%eval 18,0]} 10. f3 {[%eval 15,0]} Nc6 {[%eval 17,0]} 11. Qe2 {[%eval 2,0]} Na5 $146 {[%eval 0,0]} ({RR} 11... O-O-O 12. e4 Qa5 13. Bd2 Qa4 14. Kf2 h5 15. h4 Na5 16. Rfb1 Ne8 17. Rb4 Qc6 18. e5 f6 19. Rc1 fxe5 20. Qxe5 Nf6 21. c4 Nd7 22. Qe2 e5 23. c5 bxc5 24. dxc5 Nf6 25. Rcb1 Qxc5+ 26. Be3 {1-0 Caruana,F (2804)-Kazakouski,V (2608) Titled Tue 19th Mar Late chess.com INT 2024 (5)}) 12. e4 {[%eval 8,0]} Qc4 {[%eval 16,0]} 13. Qxc4 {[%eval 21,0]} Nxc4 {[%eval 13,0]} 14. Bg5 {[%eval 0,0]} Nd7 {[%eval 0,0]} 15. Ke2 {[%eval 0,0]} O-O {[%eval 0,0]} 16. Rab1 {[%eval 16,0]} a6 {[%eval 9,0]} 17. Rfd1 {[%eval 14,0]} b5 {[%eval 18,0]} 18. d5 {[%eval 17,0]} Ndb6 {[%eval 17,0]} 19. dxe6 {[%eval 26,0]} fxe6 {[%eval 28,0]} 20. Ke1 $4 {[%eval -195,0] Blunder. Nf1 was best.} (20. Nf1 Na4 21. Rdc1 h6 22. Bh4 g5 23. Be1 c5 24. Ne3 Nxe3 25. Kxe3 c4) 20... h6 {[%eval -36,0]} 21. Bc1 {[%eval -195,0]} Rad8 {[%eval -197,0]} 22. f4 $6 {[%eval -272,0] Inaccuracy. e5 was best.} (22. e5 Rxd1+ 23. Kxd1 Nd5 24. Ne4 Rf5 25. Ke2 Rxe5 26. Kd3 Rh5 27. h3 c6) 22... Na4 {[%eval -279,0]} 23. Ne2 {[%eval -282,0]} Nc5 {[%eval -115,0]} 24. Ng3 {[%eval -265,0]} Na4 {[%eval -299,0]} 25. Ne2 {[%eval -277,0]} Nc5 {[%eval -123,0]} 26. e5 {[%eval -103,0]} Nd3+ {[%eval -191,0]} 27. Kf1 {[%eval -114,0]} c5 {[%eval -165,0]} 28. Kg1 {[%eval -182,0]} Rd5 {[%eval -184,0]} 29. Rf1 {[%eval -131,0]} Nxc1 {[%eval -298,0]} 30. Rbxc1 {[%eval -108,0]} Rd2 {[%eval -116,0]} 31. Ng3 {[%eval -127,0]} Rxa2 {[%eval -178,0]} 32. Ne4 {[%eval -168,0]} Ne3 {[%eval -181,0]} 33. Rf2 {[%eval -192,0]} Rxf2 $6 {[%eval -96,0] Inaccuracy. Ra3 was best.} (33... Ra3 34. Nxc5 Rc8 35. Nxe6 b4 36. Rd2 Raxc3 37. Rb1 b3 38. Kf2 a5 39. Rd7) 34. Kxf2 {[%eval 97,0]} Nc4 {[%eval 97,0]} 35. Kg3 {[%eval -89,0]} Rc8 {[%eval -98,0]} 36. Rb1 {[%eval -92,0]} Ne3 {[%eval -94,0]} 37. Kf3 {[%eval -88,0]} Nd5 {[%eval -87,0]} 38. Ra1 {[%eval -53,0]} Rc6 {[%eval -46,0]} 39. g4 $6 {[%eval -154,0] Inaccuracy. Rc1 was best.} (39. Rc1 c4) 39... c4 {[%eval -147,0]} 40. f5 {[%eval -146,0]} b4 {[%eval -156,0]} 41. cxb4 $6 {[%eval -272,0] Inaccuracy. fxe6 was best.} (41. fxe6 Rxe6 42. cxb4 c3 43. Rc1 Rxe5 44. h4 Kf7 45. Nc5 Ke7 46. Nxa6 Kd6) 41... c3 {[%eval -299,0]} 42. b5 $6 {[%eval -381,0] Inaccuracy. Ng3 was best.} (42. Ng3 c2 43. Ne2 Nxb4 44. Ke3 Rc5 45. Kd4 Rd5+ 46. Kc3 Rxe5 47. Nc1 a5) 42... axb5 {[%eval -383,0]} 43. Ra8+ {[%eval -359,0]} Kh7 {[%eval -372,0]} 44. Nd6 $6 {[%eval -458,0] Inaccuracy. Ra1 was best.} (44. Ra1 exf5 45. gxf5 b4 46. Nf2 Rc4 47. Nd3 b3 48. f6 gxf6 49. exf6 b2) 44... Nb6 {[%eval -344,0]} 45. Re8 $6 {[%eval -698,0] Inaccuracy. Ra1 was best.} (45. Ra1 b4 46. Ne4 c2 47. Nf2 exf5 48. gxf5 c1=R 49. Rxc1 Rxc1 50. Nd3 Rc3) 45... c2 {[%eval -592,0]} 46. Nf7 {[%eval -515,0]} Rc8 {[%eval -562,0]} 0-1

[Event "Norway Chess 2024"]
[Site "Stavanger, Norway"]
[Date "2024.06.03"]
[Round "13.1"]
[White "Nakamura, Hikaru"]
[Black "Carlsen, Magnus"]
[Result "1/2-1/2"]
[WhiteElo "2794"]
[BlackElo "2830"]
[Annotator "Stockfish 16.1 - Chessbase"]
[PlyCount "39"]
[GameId "2053142232238309"]
[EventDate "2024.??.??"]

1. d4 {[%eval 17,0]} Nf6 {[%eval 17,0]} 2. c4 {[%eval 21,0]} e6 {[%eval 21,0]} 3. Nc3 {[%eval 18,0]} Bb4 {[%eval 17,0]} 4. f3 {[%eval 6,0]} d5 {[%eval 1,0]} 5. a3 {[%eval 8,0]} Bxc3+ {[%eval 12,0]} 6. bxc3 {[%eval 1,0]} c5 {[%eval 8,0]} 7. cxd5 {[%eval 1,0]} Nxd5 {[%eval 19,0]} 8. dxc5 {[%eval 21,0]} Qa5 {[%eval 12,0]} 9. e4 {[%eval 18,0]} Ne7 {[%eval 15,0]} 10. Be3 {[%eval 15,0]} ({RR} 10. Qb3 O-O 11. a4 Nec6 12. Bb5 e5 13. Ne2 Be6 14. Bc4 Bxc4 15. Qxc4 Nd7 16. Be3 Rac8 17. O-O Qc7 18. Rfd1 Na5 19. Qb5 Nxc5 20. Rd5 b6 21. Bxc5 bxc5 22. Rad1 g6 23. h4 h5 24. Rd7 Qb6 {0-1 Erigaisi,A (2727)-Aronian,L (2723) World Blitz 2023 Samarkand UZB (20.5)}) 10... O-O $146 {[%eval 14,0]} ({RR} 10... Nd7 11. Qb3 O-O 12. Bb5 Nc6 13. Bxc6 bxc6 14. Qb4 Qc7 15. Ne2 Ba6 16. c4 Ne5 17. Qc3 Nxc4 18. Bf4 e5 19. Bg3 Qe7 20. Kf2 Qxc5+ 21. Ke1 Rfd8 22. Rc1 Rab8 23. Bf2 Qe7 24. Ng3 Nb2 25. Nf5 {0-1 Parra Gomez,A (2208)-Masruri,R (2281) Titled Tue 23rd Jan Early chess.com INT 2024 (2)}) 11. Qd2 {[%eval 13,0]} Rd8 {[%eval 26,0]} 12. Qb2 {[%eval 26,0]} Na6 {[%eval 19,0]} 13. Nh3 {[%eval 0,0]} e5 {[%eval 0,0]} 14. Nf2 {[%eval 3,0]} Be6 {[%eval 1,0]} 15. Nd3 {[%eval 0,0]} Qc7 {[%eval 0,0]} 16. Qb5 {[%eval 0,0]} Bd7 {[%eval 0,0]} 17. Qb2 {[%eval 0,0]} Be6 {[%eval 0,0]} 18. Qb5 {[%eval 0,0]} Bd7 {[%eval 0,0]} 19. Qb2 {[%eval 0,0]} Be6 {[%eval 2,0]} 20. Qb5 {[%eval 0,0]} 1/2-1/2

[Event "Norway Chess 2024"]
[Site "Stavanger, Norway"]
[Date "2024.06.03"]
[Round "14.1"]
[White "Nakamura, Hikaru"]
[Black "Carlsen, Magnus"]
[Result "1-0"]
[WhiteElo "2794"]
[BlackElo "2830"]
[Annotator "Stockfish 16.1 - Chessbase"]
[PlyCount "101"]
[GameId "2053142232246504"]
[EventDate "2024.??.??"]

1. d4 {[%eval 17,0]} Nf6 {[%eval 17,0]} 2. c4 {[%eval 21,0]} e6 {[%eval 21,0]} 3. Nc3 {[%eval 18,0]} d5 {[%eval 23,0]} 4. cxd5 {[%eval 35,0]} exd5 {[%eval 36,0]} 5. Bg5 {[%eval 24,0]} Be7 {[%eval 25,0]} 6. e3 {[%eval 22,0]} h6 {[%eval 21,0]} 7. Bh4 {[%eval 23,0]} Bg4 {[%eval 39,0]} 8. f3 {[%eval 24,0]} Be6 {[%eval 32,0]} 9. Bd3 {[%eval 2,0]} c5 {[%eval 25,0]} 10. Nge2 {[%eval 17,0]} Nc6 {[%eval 24,0]} 11. O-O {[%eval 26,0]} O-O {[%eval 21,0]} 12. Re1 $146 {[%eval 17,0]} ({RR} 12. Rc1 cxd4 13. exd4 Rc8 14. a3 Re8 15. Na4 Nh5 16. Bf2 Bg5 17. Rc3 Nf4 18. Nxf4 Bxf4 19. Nc5 Rc7 20. Bb5 Bc8 21. Qa4 Qd6 22. g3 Bd2 23. Rc2 Be3 24. Bxc6 Bxf2+ 25. Rfxf2 Qxc6 26. Qxc6 Rxc6 {1-0 Janssen,R (2499)-Levin,F (2431) TCh-BEL 2023-24 Belgium BEL (11.3)}) ({RR} 12. Bf2 Rc8 13. Qd2 a6 14. Rad1 b5 15. dxc5 Bxc5 16. Nd4 Qb6 17. Nxc6 Rxc6 18. Ne2 Re8 19. Nd4 Rc7 20. Bb1 Rce7 21. Qd3 g6 22. Nb3 Bd6 23. Nd4 Bc5 24. Rc1 Nd7 25. Bg3 Bxd4 26. Qxd4 Qxd4 {1-0 Krush,I (2430)-Kurmangaliyeva,L (2261) World Blitz Women 2023 Samarkand UZB (3.43)}) 12... Re8 {[%eval 17,0]} 13. Bc2 {[%eval 2,0]} Rc8 {[%eval 22,0]} 14. Nf4 {[%eval 27,0]} cxd4 {[%eval 66,0]} 15. Nxe6 {[%eval 6,0]} fxe6 {[%eval 63,0]} 16. exd4 {[%eval 75,0]} Nxd4 {[%eval 73,0]} 17. Bg6 {[%eval 64,0]} Rf8 {[%eval 68,0]} 18. Bf2 {[%eval 65,0]} Nc6 {[%eval 78,0]} 19. Rxe6 {[%eval 75,0]} d4 {[%eval 72,0]} 20. Ne2 {[%eval 71,0]} Bc5 $6 {[%eval 133,0] Inaccuracy. Nd5 was best.} (20... Nd5) 21. Nf4 {[%eval 85,0]} Nd5 $6 {[%eval 200,0] Inaccuracy. Bd6 was best.} (21... Bd6 22. Bg3) 22. Qb3 {[%eval 207,0]} Nxf4 {[%eval 203,0]} 23. Rd6+ {[%eval 201,0]} Kh8 {[%eval 214,0]} 24. Rxd8 {[%eval 200,0]} Rcxd8 {[%eval 207,0]} 25. Qxb7 {[%eval 213,0]} Ne5 {[%eval 202,0]} 26. Be4 {[%eval 109,0]} Bb6 {[%eval 209,0]} 27. a4 {[%eval 233,0]} Nc4 {[%eval 262,0]} 28. Qa6 {[%eval 253,0]} Nd2 {[%eval 254,0]} 29. a5 {[%eval 204,0]} Bc5 $6 {[%eval 319,0] Inaccuracy. Nxe4 was best.} (29... Nxe4 30. axb6 Nxf2 31. bxa7 N2d3 32. b4 Ra8 33. b5 Rfe8 34. b6 Re2 35. Rf1) 30. Bb7 {[%eval 271,0]} Nb3 {[%eval 326,0]} 31. Rd1 {[%eval 318,0]} d3 {[%eval 351,0]} 32. Bxc5 {[%eval 367,0]} Nxc5 {[%eval 355,0]} 33. Qxa7 {[%eval 338,0]} Nxb7 {[%eval 359,0]} 34. Qxb7 {[%eval 365,0]} Rfe8 {[%eval 347,0]} 35. g3 {[%eval 383,0]} d2 {[%eval 338,0]} 36. Qb4 $4 {[%eval 4,0] Blunder. Kf1 was best.} (36. Kf1 Nd5 37. Rxd2 Ne3+ 38. Ke1 Ng2+ 39. Kd1 Re1+ 40. Kc2 Ne3+ 41. Kc3 Rc1+) 36... Rd4 {[%eval 56,0]} 37. Qxd2 {[%eval 63,0]} Rxd2 {[%eval 6,0]} 38. Rxd2 {[%eval 68,0]} Ne6 {[%eval 67,0]} 39. b4 $6 {[%eval 1,0] Inaccuracy. Re2 was best.} (39. Re2 Kg8 40. f4 g6 41. b4 Kf7 42. b5 Rb8 43. Rb2 Nc5 44. Kg2 Ke7) 39... Kg8 $6 {[%eval 87,0] Inaccuracy. Rb8 was best.} (39... Rb8 40. Rb2 Nd4 41. b5 Ra8 42. b6 Nc6 43. b7 Rxa5 44. Kf2 Kg8 45. Rb6) 40. b5 {[%eval 77,0]} Ra8 {[%eval 87,0]} 41. Ra2 {[%eval 68,0]} Kf7 {[%eval 78,0]} 42. Kf2 {[%eval 5,0]} Ke7 {[%eval 46,0]} 43. b6 {[%eval 19,0]} Nc5 {[%eval 2,0]} 44. Ke3 {[%eval 23,0]} Kd6 {[%eval 24,0]} 45. Kf4 {[%eval 24,0]} g6 {[%eval 25,0]} 46. h4 {[%eval 35,0]} Kd5 {[%eval 51,0]} 47. Kg4 {[%eval 51,0]} Kc6 {[%eval 51,0]} 48. h5 {[%eval 58,0]} Rg8 {[%eval 64,0]} 49. Rc2 {[%eval 14,0]} Kb5 {[%eval 23,0]} 50. hxg6 {[%eval 17,0]} Rxg6+ {[%eval 26,0]} 51. Kh5 {[%eval 2,0]} 1-0